000 00839nas a2200289 4500
001 BR9505712
003 BR-BrBNA
005 20231205094436.0
007 ta
008 230509b bl.|||p| |||| 00| 00por d
040 _aBR-BrBNA
_bpor
_cBiblioteca Nacional de Agricultura
041 _a(Pt)
072 _aQ54; L02
100 1 _aGadelha, J.A.
100 1 _aMendonca, H.L.
100 1 _aFreire, M. de F.M.
100 1 _aCatunda, A.G.
245 1 _aNiveis de torta de mucuna preta - Styzolobium aterrimum Pip et Tracc - em racoes de pintos
650 _aPinto
650 _aMucuna Preta
650 _aRacao
650 _aComposicao Quimica
650 _aGanho de Peso
773 0 _tCiencia Agronomica (Brazil)
_x
_g(Jan 1972), v. 2(1) p. 9-12
_wBR9505712
909 _a202311
_bLúcia
_c55
_dLúcia Elande
942 _2AGRIS
_n0
_cANA
999 _c144350
_d144350